Tragedy - Bee Gees, lyrics - Statistics

General Stats
  • This quiz has been taken 80 times
  • The average score is 150 of 219
Answer Stats
Answer % Correct
Tragedy
100%
A
96%
I
96%
You
94%
And
92%
It
90%
To
90%
Go
88%
No
88%
When
88%
The
85%
Be
83%
It’s
83%
Can’t
81%
In
81%
Goin’
77%
On
75%
Of
73%
Loving
71%
Love
69%
You’re
69%
Holding
65%
Just
65%
All
63%
Know
63%
Control
60%
Hard
60%
Here
60%
Town
60%
Don’t
58%
Nowhere
58%
Feeling’s
56%
Gone
56%
Morning
56%
Lose
54%
With
54%
Got
52%
Me
50%
Really
50%
Should
50%
Why
50%
Part
48%
Lie
46%
Lonely
46%
Lost
46%
Soul
46%
No-one
44%
Take
44%
World
44%
Aaah
42%
Alone
42%
Beside
42%
Down
40%
Make
40%
Oh
38%
Time
38%
Bear
33%
Cries
31%
Home
31%
Tears
31%
Drown
29%
Slowly
27%
Burning
25%
Night
25%
Day
23%
Inside
23%
That
23%
Held
19%
There’s
19%
Won’t
19%
Let
17%
Yearning
10%
No matching quizzes found
Score Distribution
Percent of People with Each Score
Percentile by Number Answered
Your Score History
You have not taken this quiz